<?xml version="1.0" encoding="UTF-8"?><?xml-stylesheet type="text/xsl" href="static/style.xsl"?><OAI-PMH xmlns="http://www.openarchives.org/OAI/2.0/" xmlns:xsi="http://www.w3.org/2001/XMLSchema-instance" xsi:schemaLocation="http://www.openarchives.org/OAI/2.0/ http://www.openarchives.org/OAI/2.0/OAI-PMH.xsd"><responseDate>2026-06-01T15:46:48Z</responseDate><request verb="GetRecord" identifier="oai:riuma.uma.es:10630/14979" metadataPrefix="marc">https://riuma.uma.es/rest/oai/request</request><GetRecord><record><header><identifier>oai:riuma.uma.es:10630/14979</identifier><datestamp>2026-02-03T12:05:29Z</datestamp><setSpec>com_10630_2254</setSpec><setSpec>col_10630_37959</setSpec></header><metadata><record xmlns="http://www.loc.gov/MARC21/slim" xmlns:dcterms="http://purl.org/dc/terms/" xmlns:doc="http://www.lyncode.com/xoai" xmlns:xsi="http://www.w3.org/2001/XMLSchema-instance" xsi:schemaLocation="http://www.loc.gov/MARC21/slim http://www.loc.gov/standards/marcxml/schema/MARC21slim.xsd">
   <leader>00925njm 22002777a 4500</leader>
   <datafield ind2=" " ind1=" " tag="042">
      <subfield code="a">dc</subfield>
   </datafield>
   <datafield ind2=" " ind1=" " tag="720">
      <subfield code="a">Cabrera Forneiro, José</subfield>
      <subfield code="e">author</subfield>
   </datafield>
   <datafield ind2=" " ind1=" " tag="260">
      <subfield code="c">2017-12-22</subfield>
   </datafield>
   <datafield ind2=" " ind1=" " tag="520">
      <subfield code="a">El planteamiento general del manejo de las situaciones de emergencia médica, catástrofes naturales o&#xd;
no, y situaciones de crisis en las que es preciso un acercamiento multiprofesional, pasa por la idea central y general de que siempre manejamos personas. Personas tanto por parte de las víctimas y sus&#xd;
familiares como por parte de los profesionales de los distintos hábitos de actuación. Y es por ello que es preciso tener siempre en mente el componente emocional de todas las personas que intervienen en la emergencia, sea del tipo o categoría que sea. Es decir, no basta por parte de los diferentes técnicos&#xd;
ser peritos hábiles en su ejercicio de salvamento, sino que deben conocerse a sí mismos como personas y en todo lo que ello significa: conducta y afecto (emociones). “No es de recibo que un profesional en el escenario de la crisis pierda el control de sus emociones”, y para ello debe entrenarse en el control afectivo, así como aceptar la caducidad de la vida en toda su crudeza. Y en el otro lado, es preciso contar siempre con el componente emocional de las víctimas “vivas” para encajar su evacuación, tratamiento y consideraciones posteriores en su beneficio. La emoción, la afectividad y los sentimientos siempre deben considerarse una pieza clave tanto en los profesionales de actuación como en las víctimas de la catástrofe, y su manejo prudente y humano debe entrenarse de igual forma que los elementos más técnicos y objetivos del procedimiento.</subfield>
   </datafield>
   <datafield ind1="8" ind2=" " tag="024">
      <subfield code="a">https://hdl.handle.net/10630/14979</subfield>
   </datafield>
   <datafield tag="653" ind2=" " ind1=" ">
      <subfield code="a">Gestión de emergencias</subfield>
   </datafield>
   <datafield tag="653" ind2=" " ind1=" ">
      <subfield code="a">Catástrofes - Aspectos psicológicos</subfield>
   </datafield>
   <datafield ind2="0" ind1="0" tag="245">
      <subfield code="a">Detrás de la catástrofe: el lado emocional de la tragedia</subfield>
   </datafield>
</record>
</metadata></record></GetRecord></OAI-PMH>